[Event "CHN Team Women 2017"]
[Site "Beijing CHN"]
[Date "2017.06.14"]
[Round "9.1"]
[White "Liu Xianglin"]
[Black "Liu Shilan"]
[Result "1-0"]
[WhiteElo "2199"]
[BlackElo "2137"]
[EventType "team"]

1.d4 Nf6 2.Nf3 e6 3.g3 d5 4.Bg2 c5 5.O-O cxd4 6.Nxd4 Nc6 7.c4 Bc5 8.Nxc6 bxc6
9.Qc2 Bb6 10.Nc3 O-O 11.e4 Ba6 12.b3 dxc4 13.Rd1 cxb3 14.axb3 Qc8 15.e5 Ng4
16.Ne4 Bb5 17.Bb2 Qc7 18.Rd6 Rad8 19.h3 f5 20.Rxd8 Rxd8 21.Nc5 Qe7 22.b4 Nh6
23.Rc1 Nf7 24.Qb3 a5 25.Nxe6 a4 26.Qa2 Rd2 27.Nc5 Kf8 28.Qa1 Nd8 29.Bc3 Re2
30.Bf3 Bxc5 31.bxc5 Ne6 32.Bxe2 Bxe2 33.Qxa4 Bf3 34.Ra1 Kf7 35.Qa8 Nxc5 36.Ra7
Nd7 37.Qc8 Ke6 38.Qg8+ {#r} 1-0

[Event "CHN Team Women 2017"]
[Site "Beijing CHN"]
[Date "2017.06.14"]
[Round "9.2"]
[White "Guo Qi"]
[Black "Ren,Xiaoyi"]
[Result "1-0"]
[WhiteElo "2417"]
[BlackElo "2287"]
[EventType "team"]

1.Nf3 Nf6 2.c4 c6 3.d4 d5 4.e3 e6 5.Nbd2 Nbd7 6.Bd3 Bd6 7.O-O O-O 8.e4 dxe4
9.Nxe4 Nxe4 10.Bxe4 Nf6 11.Bc2 h6 12.Qd3 c5 13.Ne5 cxd4 14.Bf4 Bc5 15.Rfe1 Re8
16.Rad1 Bd7 17.Bg3 Bc6 18.Bh4 Kf8 19.f3 Rc8 20.a3 a5 21.Rb1 b5 22.Nxc6 Rxc6
23.cxb5 Rd6 24.Bg3 Rd7 25.b6 Rb7 26.Ba4 Ree7 27.Bc7 Rexc7 28.bxc7 Rxc7 29.Kh1
Nd5 30.Qh7 Nf6 31.Qd3 Nd5 32.Rbc1 g6 33.Bb3 Nf4 34.Qd2 g5 35.Red1 Qb8 36.Qxa5
Qc8 37.Qd2 e5 38.Qe1 Bd6 39.Rxc7 Qxc7 40.Ba2 g4 41.Qe4 gxf3 42.Qa8+ Kg7
43.Qxf3 Qc2 44.g3 e4 45.Bb1 Qxb2 46.Bxe4 Ng6 47.Rf1 {#r} 1-0

[Event "CHN Team Women 2017"]
[Site "Beijing CHN"]
[Date "2017.06.14"]
[Round "9.3"]
[White "Ni,Shiqun"]
[Black "Qiu,Mengjie"]
[Result "1-0"]
[WhiteElo "2436"]
[BlackElo "2215"]
[EventType "team"]

1.e4 c6 2.d4 d5 3.exd5 cxd5 4.Bd3 Nc6 5.c3 g6 6.Bf4 Nh6 7.Nf3 Bf5 8.Be2 Bg7
9.O-O O-O 10.h3 f6 11.c4 Nf7 12.Nc3 dxc4 13.Bxc4 Rc8 14.Re1 Nb4 15.Be6 Bxe6
16.Rxe6 Qd7 17.Re2 Rfe8 18.Qb3 Nc6 19.Rae1 Nxd4 20.Nxd4 e5 21.Ndb5 exf4 22.Rd1
Qc6 23.Nd6 Rf8 24.Nxc8 Qxc8 25.Re7 {#r} 1-0

[Event "CHN Team Women 2017"]
[Site "Beijing CHN"]
[Date "2017.06.14"]
[Round "9.6"]
[White "Yang,Yijing"]
[Black "Zhao,Shengxin"]
[Result "1-0"]
[WhiteElo "2014"]
[BlackElo "2112"]
[EventType "team"]

1.d4 d5 2.c4 c6 3.e3 Nf6 4.Nf3 e6 5.Nbd2 Nbd7 6.Bd3 Bd6 7.O-O O-O 8.e4 e5
9.cxd5 cxd5 10.exd5 exd4 11.Ne4 Nxe4 12.Bxe4 h6 13.Qxd4 Nf6 14.Bd2 b6 15.Bc3
Bb7 16.b4 Re8 17.Rfe1 Bf8 18.Rad1 Qd6 19.Nh4 Nxe4 20.Rxe4 Rxe4 21.Qxe4 Rd8
22.Nf5 Qg6 23.h4 Bc8 24.Ne7+ Bxe7 25.Qxe7 Rf8 26.d6 Bh3 27.g3 Qc2 28.Qe1 Rd8
29.Rd5 Qxa2 30.Qe5 f6 31.Qe4 Qb3 32.Bxf6 gxf6 33.Qg6+ Kf8 34.Qxf6+ Ke8 35.Qe7#
1-0

[Event "TCh-SUI 2017"]
[Site "Switzerland SUI"]
[Date "2017.06.11"]
[Round "5.2"]
[White "Sokolov,And1"]
[Black "Kraemer,Mart"]
[Result "1-0"]
[WhiteElo "2516"]
[BlackElo "2571"]

1.e4 c5 2.Nf3 d6 3.d4 cxd4 4.Nxd4 Nf6 5.Nc3 a6 6.Bd3 g6 7.Bg5 Bg7 8.Qd2 h6
9.Bh4 Nc6 10.Nde2 g5 11.Bg3 Nh5 12.h4 g4 13.Bc4 Na5 14.Bxf7+ Kxf7 15.Qd5+ Kf8
16.Qxh5 Nc4 17.Nf4 Nxb2 18.Ng6+ Kg8 19.Nd5 e6 20.Nde7+ Kh7 21.e5 Qa5+ 22.Kf1
Re8 23.Bf4 Bd7 24.Bxh6 Bxh6 25.Nf8+ {#r} 1-0

[Event "TCh-SUI 2017"]
[Site "Switzerland SUI"]
[Date "2017.06.11"]
[Round "5.3"]
[White "Loetscher,R"]
[Black "Petrov,N"]
[Result "0-1"]
[WhiteElo "2446"]
[BlackElo "2511"]

1.d4 d5 2.c4 c6 3.Nf3 Nf6 4.e3 Bg4 5.h3 Bh5 6.Nc3 e6 7.g4 Bg6 8.Ne5 Nbd7 9.h4
dxc4 10.Nxg6 hxg6 11.g5 Nd5 12.Bxc4 Bb4 13.Bd2 Qe7 14.a3 Nxc3 15.bxc3 Ba5
16.Qg4 Nb6 17.Bb3 O-O-O 18.Rh3 Kb8 19.Ke2 Ka8 20.Rf3 c5 21.Qf4 Rd7 22.Qe5 Rxh4
23.Qxg7 a6 24.Qe5 Nd5 25.Bxd5 Rxd5 26.Qf6 Qd7 27.a4 Qc6 28.Rf4 Rxf4 29.Qxf4
cxd4 30.cxd4 Qc4+ 31.Ke1 e5 32.Qf3 Bxd2+ 33.Kxd2 exd4 34.e4 Qb4+ {#R} 0-1

[Event "TCh-SUI 2017"]
[Site "Switzerland SUI"]
[Date "2017.06.11"]
[Round "5.5"]
[White "Atlas,V"]
[Black "Vernay,C"]
[Result "0-1"]
[WhiteElo "2432"]
[BlackElo "2506"]

1.e4 e6 2.d4 d5 3.Nc3 Nf6 4.e5 Nfd7 5.Nce2 c5 6.f4 Be7 7.Nf3 Nc6 8.c3 Qb6 9.a3
a5 10.g3 Ndb8 11.Bg2 a4 12.O-O Bd7 13.Ne1 cxd4 14.cxd4 Na5 15.Rb1 Nc4 16.Nc3
Nc6 17.Nf3 Qa5 18.Qd3 b5 19.f5 b4 20.fxe6 Bxe6 21.Ne2 Qb6 22.Kh1 Rb8 23.Bg5 h6
24.Bxe7 Nxe7 25.g4 Bxg4 26.Ng3 Qg6 27.Qxg6 Nxg6 28.Ng1 Ne7 29.Bf3 Be6 30.Ra1
b3 31.Rf2 g6 32.h4 Rc8 33.Rc1 O-O {#R} 0-1

[Event "TCh-SUI 2017"]
[Site "Switzerland SUI"]
[Date "2017.06.11"]
[Round "5.6"]
[White "Burri,Quentin"]
[Black "Zueger,B"]
[Result "1-0"]
[WhiteElo "2359"]
[BlackElo "2397"]

1.e4 c5 2.Nf3 e6 3.d4 cxd4 4.Nxd4 a6 5.Bd3 Bc5 6.Nb3 Ba7 7.Qe2 Nc6 8.Be3 d6
9.f4 Nf6 10.Nc3 O-O 11.Bxa7 Rxa7 12.O-O-O Qc7 13.Qe3 b5 14.Kb1 b4 15.Ne2 e5
16.f5 a5 17.Nd2 a4 18.g4 Nd7 19.g5 Nc5 20.Bc4 Kh8 21.Rhg1 Na5 22.Bd5 Ba6 23.g6
b3 24.c4 a3 25.axb3 fxg6 26.fxg6 Naxb3 27.Nxb3 Nxb3 28.Qxb3 Rb8 29.Rdf1 {#r}
1-0

[Event "TCh-SUI 2017"]
[Site "Switzerland SUI"]
[Date "2017.06.11"]
[Round "5.3"]
[White "Weindl,A"]
[Black "Jenni,F"]
[Result "0-1"]
[WhiteElo "2328"]
[BlackElo "2463"]

1.Nf3 Nf6 2.g3 d5 3.Bg2 c6 4.O-O Bg4 5.d4 e6 6.Nbd2 Be7 7.Re1 Nbd7 8.e4 O-O
9.c3 Bh5 10.e5 Ne8 11.Nb3 Nc7 12.Bf4 g5 13.Be3 f6 14.exf6 Bxf6 15.Qc1 h6
16.Ne5 Nxe5 17.dxe5 Bg7 18.f4 gxf4 19.Bxf4 Kh7 20.Qe3 b6 21.Nd4 c5 22.Nf3 Qe8
23.Nh4 Rd8 24.Bf1 c4 25.Be2 Bg6 26.Rad1 Rg8 27.Kh1 Bf8 28.Nxg6 Qxg6 29.Rf1 Bc5
30.Qf3 b5 31.Rd2 Kg7 32.Bd1 Qe4 33.Qxe4 dxe4 34.Re2 Rgf8 35.Bc2 e3 {#R} 0-1

[Event "TCh-SUI 2017"]
[Site "Switzerland SUI"]
[Date "2017.06.11"]
[Round "5.4"]
[White "Forster,Ri"]
[Black "Knoedler,D"]
[Result "1-0"]
[WhiteElo "2458"]
[BlackElo "2314"]

1.e4 e6 2.d4 d5 3.Nc3 Bb4 4.Ne2 Nf6 5.e5 Nfd7 6.Nf4 c5 7.a3 Ba5 8.dxc5 Bxc3+
9.bxc3 Nxe5 10.c4 d4 11.Qh5 Nbc6 12.Be2 O-O 13.O-O Qf6 14.Rb1 Rb8 15.Rb3 b6
16.Rh3 h6 17.Rg3 Kh8 18.Nd3 Nxc4 19.Rf3 Qe7 20.Bxh6 Kg8 21.Bxg7 {#r} 1-0

[Event "TCh-SUI 2017"]
[Site "Switzerland SUI"]
[Date "2017.06.11"]
[Round "5.6"]
[White "Kaczmarczyk,D"]
[Black "Pluess,P"]
[Result "1-0"]
[WhiteElo "2411"]
[BlackElo "2201"]

1.d4 c5 2.d5 e5 3.e4 d6 4.Nc3 Be7 5.g3 a6 6.a4 b6 7.Bg2 Bg5 8.f4 exf4 9.Nf3
Bg4 10.O-O Bf6 11.gxf4 Nd7 12.e5 dxe5 13.d6 exf4 14.Nd5 Kf8 15.Bxf4 Bd4+
16.Kh1 Ngf6 17.Nc7 Ra7 18.Qe1 Nh5 19.Nxd4 cxd4 20.Bg5 Ndf6 21.Qe5 h6 22.Bh4 g5
23.a5 bxa5 24.Bf2 Rh7 25.Bxd4 Rxc7 26.dxc7 Qc8 27.Qd6+ Kg7 28.Bxf6+ {#r} 1-0

[Event "TCh-SUI 2017"]
[Site "Switzerland SUI"]
[Date "2017.06.11"]
[Round "5.2"]
[White "Bauer,Ch"]
[Black "Maeser,F"]
[Result "1-0"]
[WhiteElo "2630"]
[BlackElo "2302"]

1.c4 c6 2.Nf3 d5 3.e3 Nf6 4.Nc3 e6 5.b3 Nbd7 6.Qc2 Bd6 7.Bb2 O-O 8.Be2 Qe7
9.Rg1 Ba3 10.Bxa3 Qxa3 11.g4 Qe7 12.h4 dxc4 13.bxc4 e5 14.g5 Ne8 15.Ne4 Nd6
16.h5 Re8 17.Bd3 Nxe4 18.Bxe4 Nf8 19.Rb1 Qc7 20.Qc3 Rb8 21.d3 c5 22.Nd2 b6
23.h6 g6 24.Bd5 Bf5 25.f4 Rbd8 26.Nf3 Rxd5 27.cxd5 f6 28.e4 exf4 29.Kf2 {#r}
1-0

[Event "TCh-SUI 2017"]
[Site "Switzerland SUI"]
[Date "2017.06.11"]
[Round "5.3"]
[White "Gaehler,M"]
[Black "Vogt,L"]
[Result "1-0"]
[WhiteElo "2341"]
[BlackElo "2422"]

1.g3 Nf6 2.Bg2 g6 3.e4 d6 4.Nc3 Bg7 5.d4 O-O 6.f4 c5 7.dxc5 dxc5 8.Qxd8 Rxd8
9.e5 Ne8 10.Be3 Na6 11.Nd5 Kf8 12.O-O-O e6 13.Nc3 Rxd1+ 14.Kxd1 Rb8 15.Nb5 Bd7
16.a4 Bc6 17.Nf3 b6 18.b3 Rb7 19.Kc1 Nac7 20.c4 Nxb5 21.axb5 Be4 22.Re1 f5
23.Bd2 h6 24.Rxe4 fxe4 25.Nh4 g5 26.fxg5 hxg5 27.Bxg5 Rf7 28.Bf4 e3 29.Bxe3
Kg8 30.Bf4 Rd7 31.Bc6 Rd8 32.Bg5 Rb8 33.Nf3 Nc7 34.h4 a6 35.bxa6 Nxa6 36.h5
Nb4 37.Be4 b5 38.h6 Bh8 39.cxb5 Rxb5 40.h7+ Kg7 41.Bf6+ {#r} 1-0

[Event "TCh-SUI 2017"]
[Site "Switzerland SUI"]
[Date "2017.06.11"]
[Round "5.4"]
[White "Hug,W"]
[Black "Hochstrasser,M"]
[Result "1-0"]
[WhiteElo "2483"]
[BlackElo "2308"]

1.d4 d5 2.Bf4 Nf6 3.e3 Bf5 4.Bd3 e6 5.Bxf5 exf5 6.Qd3 Qc8 7.Ne2 Be7 8.O-O O-O
9.Nd2 c6 10.c4 Na6 11.a3 g6 12.Rac1 Nc7 13.h3 Re8 14.Qb3 Rd8 15.Rfd1 Rd7
16.Be5 dxc4 17.Nxc4 Ncd5 18.Bh2 Bf8 19.Nc3 Qd8 20.a4 Rc8 21.a5 Bb4 22.Ne5 Rdc7
23.a6 b6 24.Nxd5 Nxd5 25.Qa4 Bd6 26.Rd2 Nb4 27.Kh1 Qe7 28.Nf3 Bxh2 29.Kxh2 b5
30.Qa3 c5 31.dxc5 Rxc5 32.Rcd1 R5c7 33.Rd6 Nc6 34.Qc5 b4 35.Qd5 h5 36.Rxg6+
{#r} 1-0

[Event "TCh-SUI 2017"]
[Site "Switzerland SUI"]
[Date "2017.06.11"]
[Round "5.5"]
[White "Umbach,A"]
[Black "Brunner,L"]
[Result "0-1"]
[WhiteElo "2277"]
[BlackElo "2446"]

1.e4 c6 2.d4 d5 3.exd5 cxd5 4.c4 Nf6 5.Nc3 e6 6.Nf3 Be7 7.Bg5 Ne4 8.Bxe7 Qxe7
9.Rc1 O-O 10.c5 Nc6 11.Bb5 Ng5 12.Bxc6 Nxf3+ 13.Qxf3 bxc6 14.O-O Ba6 15.Rfd1
Rab8 16.Rb1 f6 17.b4 Bc4 18.Re1 e5 19.Qe3 e4 20.a4 a6 21.Rb2 Rb7 22.Qd2 Qc7
23.Ne2 Rfb8 24.Ng3 a5 25.b5 cxb5 26.axb5 Rxb5 27.Rxb5 Rxb5 28.Nf5 a4 29.Ra1
Bb3 30.Qe2 Rb4 31.Qa6 h6 32.Qe6+ Kh7 33.Ne7 Rb8 34.g3 Re8 35.Nxd5 Qd8 36.Qf5+
Kg8 37.Ne3 Qxd4 38.Rf1 a3 39.c6 a2 40.Qa5 Be6 41.Rd1 Qe5 42.Qa7 Rb8 43.c7 Rc8
44.Rc1 Rxc7 {#R} 0-1

[Event "TCh-SUI 2017"]
[Site "Switzerland SUI"]
[Date "2017.06.11"]
[Round "5.6"]
[White "Rosenthal,Jon"]
[Black "Fend,J"]
[Result "1-0"]
[WhiteElo "2308"]
[BlackElo "2260"]

1.d4 d5 2.c4 e6 3.Nc3 Be7 4.Nf3 Nf6 5.Bg5 h6 6.Bh4 O-O 7.cxd5 exd5 8.Qc2 b6
9.e3 Bb7 10.Be2 Ne4 11.Bxe7 Qxe7 12.Nd2 c5 13.Ndxe4 dxe4 14.Rd1 cxd4 15.Rxd4
Nc6 16.Qxe4 Qxe4 17.Rxe4 Rad8 18.f3 Rd7 19.Kf2 Rd2 20.Rb1 f5 21.Ra4 a5 22.Ke1
Rfd8 23.Rf4 g6 24.a3 Kg7 25.Rc4 Rc2 26.Nb5 Rcd2 27.Rd1 Rxb2 28.Rxd8 Nxd8
29.Rc7+ Kf6 30.Nd4 f4 31.exf4 Rb1+ 32.Kf2 b5 33.Nxb5 a4 34.Rd7 Bc6 35.Rxd8
Bxb5 36.Rb8 Bd3 37.Rxb1 Bxb1 38.Bd1 Bd3 39.Bxa4 Ba6 40.Ke3 Ke6 41.Bc2 Kf6
42.Bd3 {#r} 1-0

[Event "TCh-SUI 2017"]
[Site "Switzerland SUI"]
[Date "2017.06.11"]
[Round "5.7"]
[White "Albisetti,M"]
[Black "Mutschnik,I"]
[Result "0-1"]
[WhiteElo "2216"]
[BlackElo "2424"]

1.e4 c5 2.Nf3 e6 3.d4 cxd4 4.Nxd4 Nc6 5.Nc3 Qc7 6.Nb3 Nf6 7.Bd3 a6 8.O-O b5
9.a3 Bb7 10.f4 b4 11.axb4 Nxb4 12.Na5 Bc5+ 13.Kh1 Nxd3 14.cxd3 h5 15.Nxb7 Qxb7
16.e5 Ng4 17.Ne4 Qb6 18.h3 Bd4 19.Qe1 f5 20.Nd6+ Kf8 21.Qh4 Rh6 22.Qg5 Rb8
23.Ra4 Nf2+ 24.Kh2 Ng4+ 25.Kh1 Bc5 26.b3 Qxb3 27.Nxf5 exf5 28.Qxf5+ Kg8
29.Qxd7 Nf2+ 30.Kh2 Qxd3 31.Qxd3 Nxd3 32.Rd1 Nxc1 33.Rxc1 Bb4 34.Rb1 Rhb6
35.g4 h4 36.Kg2 a5 37.Kf3 Rd8 38.g5 Rd4 39.Kg4 Rc6 40.Rf1 Rcc4 41.Ra2 Kf7
42.Ra4 Ke6 43.g6 Bd2 44.Rxc4 Rxc4 45.Rf2 Rxf4+ {#R} 0-1

[Event "TCh-SUI 2017"]
[Site "Switzerland SUI"]
[Date "2017.06.11"]
[Round "5.2"]
[White "Degtiarev,E"]
[Black "Sermier,G"]
[Result "0-1"]
[WhiteElo "2406"]
[BlackElo "2376"]

1.d4 d5 2.c4 c6 3.Nf3 Nf6 4.e3 Bg4 5.cxd5 Bxf3 6.Qxf3 cxd5 7.Bb5+ Nc6 8.O-O e6
9.Bd2 Rc8 10.Rc1 Bd6 11.Nc3 O-O 12.g3 a6 13.Bf1 Qe7 14.Be1 Rc7 15.Rd1 Rfc8
16.a3 Qe8 17.h4 h5 18.e4 dxe4 19.Nxe4 Nxe4 20.Qxe4 Ne7 21.Ba5 Rc6 22.Bd3 g6
23.Qf3 Bc7 24.Bd2 Nd5 25.b4 Rd6 26.b5 axb5 27.Rab1 Bb6 28.Bxb5 Qd8 29.Bg5 Qf8
30.Rd3 Bd8 31.Bd2 Bf6 32.a4 b6 33.Ba6 Rcd8 34.Bb7 Qg7 {#R} 0-1

[Event "TCh-SUI 2017"]
[Site "Switzerland SUI"]
[Date "2017.06.11"]
[Round "5.4"]
[White "Maier,C"]
[Black "Ermeni,A"]
[Result "1-0"]
[WhiteElo "2394"]
[BlackElo "2263"]

1.d4 Nf6 2.Nf3 d5 3.g3 e6 4.Bg2 Be7 5.c4 c6 6.O-O Nbd7 7.Qc2 O-O 8.Nbd2 c5
9.Rd1 b6 10.cxd5 exd5 11.Ne5 Bb7 12.Ndf3 Bd6 13.Bg5 Qc7 14.Nxd7 Nxd7 15.Rac1
g6 16.dxc5 bxc5 17.e4 dxe4 18.Nd2 Be5 19.Nxe4 Bxe4 20.Qxe4 Bxb2 21.Rb1 Rab8
22.Bf4 Be5 23.Rxb8 Rxb8 24.Bh3 Rb4 25.Qa8+ Nb8 26.Bh6 Rd4 27.Rb1 Rd8 28.Rb7
Qc6 29.Bf1 Qf3 30.Rd7 Qf6 31.Rxd8+ Qxd8 32.Qxa7 Qc7 33.Qa4 Nd7 34.Qa8+ Nb8
35.Qd5 Nd7 36.Qa8+ Nb8 37.Bc4 Bg7 38.Bf4 Be5 39.Bxe5 Qxe5 40.Qb7 Qe1+ 41.Kg2
Qe8 42.Bd5 Kg7 43.a4 c4 44.Bxc4 Nc6 45.Bd5 Ne7 46.Bf3 Nf5 47.a5 Qa4 48.a6 Qa2
49.Qb6 {#r} 1-0

[Event "TCh-SUI 2017"]
[Site "Switzerland SUI"]
[Date "2017.06.11"]
[Round "5.6"]
[White "Porras Campo,R"]
[Black "Robert,An"]
[Result "1-0"]
[WhiteElo "2069"]
[BlackElo "2239"]

1.d4 d5 2.c4 c6 3.Nc3 e6 4.e3 Nf6 5.Nf3 Nbd7 6.Bd3 Bd6 7.O-O O-O 8.e4 dxe4
9.Nxe4 Nxe4 10.Bxe4 h6 11.Bc2 Qc7 12.Qd3 f5 13.Re1 Rf6 14.c5 Bf8 15.Bb3 Kh8
16.g3 b6 17.Bf4 Qd8 18.cxb6 axb6 19.Qc3 Nb8 20.Rad1 Na6 21.a3 Bd7 22.Ne5 Rc8
23.Nxd7 Qxd7 24.Be5 Rf7 25.Bxe6 Qe8 26.Bxc8 Qxc8 27.Rc1 Nb8 28.Bxb8 Qxb8
29.Qxc6 f4 30.Re8 {#r} 1-0

[Event "TCh-SUI 2017"]
[Site "Switzerland SUI"]
[Date "2017.06.11"]
[Round "5.7"]
[White "Sadeghi,H"]
[Black "Levrand,Roland"]
[Result "0-1"]
[WhiteElo "2118"]
[BlackElo "2161"]

1.Nc3 d5 2.d4 Nf6 3.Bg5 Nbd7 4.Qd3 g6 5.e4 dxe4 6.Nxe4 Bg7 7.O-O-O O-O 8.Nf3
h6 9.Bf4 c6 10.Nxf6+ Nxf6 11.Qd2 Kh7 12.Ne5 Ne4 13.Qe1 Nd6 14.h4 Qb6 15.g4 f6
16.Nxg6 Kxg6 17.Qxe7 Kh7 18.Bd3+ Kh8 19.Bxd6 Bxg4 20.Qe4 f5 21.Qf4 Bxd1 22.Be5
c5 23.Bxg7+ Kxg7 24.Rxd1 cxd4 25.Rg1+ Kh8 26.h5 Rae8 27.b3 Re6 28.Qg3 Re7
29.Bxf5 Qf6 30.Bd3 Rg7 31.Qh2 Qf4+ 32.Qxf4 Rxg1+ {#R} 0-1

[Event "TCh-SUI 2017"]
[Site "Switzerland SUI"]
[Date "2017.06.11"]
[Round "5.1"]
[White "Patuzzo,F"]
[Black "Heimann,An"]
[Result "0-1"]
[WhiteElo "2358"]
[BlackElo "2588"]

1.g3 d5 2.c4 d4 3.b4 e5 4.Bg2 Nf6 5.Bb2 e4 6.Qa4+ Bd7 7.Qb3 c5 8.d3 Nc6 9.dxe4
Nxb4 10.Nd2 Qa5 11.a3 Nc6 12.Nh3 Bd6 13.Qc2 O-O 14.O-O Ne5 15.Nf4 Ba4 16.Qc1
b5 17.Nd5 Nxd5 18.cxd5 Qb6 19.f4 Ng4 20.e5 c4 21.exd6 c3 22.Ne4 Rac8 23.d7 Rc4
24.Nf2 d3 25.Bxc3 dxe2 26.Qb2 exf1=Q+ 27.Rxf1 Rd8 28.Bh3 b4 29.axb4 Nxf2
30.Rxf2 Bxd7 31.Bf1 Re4 32.Bg2 Ree8 33.Bd4 Qg6 34.Bxa7 Bb5 35.Qd2 Qb1+ 36.Bf1
Re1 37.Bb6 Rxf1+ 38.Kg2 Qe4+ 39.Kh3 Rxd5 40.Qc2 Bd7+ 41.g4 Qxc2 42.Rxc2 Rxf4
43.Ra2 h6 {#R} 0-1

[Event "TCh-SUI 2017"]
[Site "Switzerland SUI"]
[Date "2017.06.11"]
[Round "5.2"]
[White "Renet,O"]
[Black "Zujev,O"]
[Result "0-1"]
[WhiteElo "2520"]
[BlackElo "2363"]

1.e4 c5 2.Nf3 e6 3.d4 cxd4 4.Nxd4 a6 5.c4 Nf6 6.Nc3 Qc7 7.a3 b6 8.Be3 Bb7 9.f3
d6 10.Be2 Be7 11.Rc1 Nbd7 12.O-O O-O 13.b4 Rac8 14.Qe1 Qb8 15.Qf2 Rfe8 16.g4
Ne5 17.Na4 Nfd7 18.g5 Ba8 19.f4 Nc6 20.Nf3 Bd8 21.Rfd1 Ne7 22.Nc3 Bc7 23.Bd3
Qb7 24.Ne2 f5 25.Ng3 fxe4 26.Bxe4 d5 27.Bb1 Rf8 28.Nh4 Ne5 29.Qc2 N5g6 30.Nxg6
Nxg6 31.cxd5 Bxf4 32.Qd2 Rxc1 33.Qxc1 Qb8 34.Bxg6 Bxg3 35.Be4 Qe5 36.Qc2 Bxh2+
37.Kh1 Bg3 38.Kg2 Bxd5 39.Bxd5 Qxe3 40.Qe4 Qf2+ {#R} 0-1

[Event "TCh-SUI 2017"]
[Site "Switzerland SUI"]
[Date "2017.06.11"]
[Round "5.3"]
[White "Mantovani,R"]
[Black "Hickl,J"]
[Result "0-1"]
[WhiteElo "2332"]
[BlackElo "2556"]

1.Nf3 d6 2.g3 e5 3.Bg2 f5 4.c4 Nf6 5.Nc3 Be7 6.O-O O-O 7.d4 e4 8.Ne1 c6 9.f3
d5 10.Qb3 Kh8 11.cxd5 cxd5 12.Bg5 Nc6 13.Bxf6 Bxf6 14.e3 Ne7 15.Nc2 a5 16.Rfc1
Ra6 17.Na4 exf3 18.Bxf3 g5 19.Nc5 Rb6 20.Qc3 f4 21.gxf4 gxf4 22.exf4 Nf5
23.Kh1 Rc6 24.Qd2 Nh4 25.Ne1 Bg7 26.Rc3 Rh6 27.Rac1 Nf5 28.Nb3 Be6 29.Nc5 Bg8
30.Nxb7 Qb6 31.Nc5 Qg6 32.Bg2 Bxd4 33.Nd7 Re8 34.Ne5 Ng3+ 35.Rxg3 Qxg3 36.N1f3
Bxe5 37.fxe5 Qg7 38.Qxa5 Rg6 39.Qd2 d4 40.Nxd4 Rd8 41.Rg1 Qxe5 42.Nf3 Rxd2
{#R} 0-1

[Event "TCh-SUI 2017"]
[Site "Switzerland SUI"]
[Date "2017.06.11"]
[Round "5.4"]
[White "Brunner,N"]
[Black "Sedina,E"]
[Result "1-0"]
[WhiteElo "2476"]
[BlackElo "2256"]

1.d4 d5 2.c4 c6 3.Nc3 dxc4 4.e4 b5 5.a4 b4 6.Nb1 Nf6 7.e5 Nd5 8.Bxc4 Bf5 9.Ne2
e6 10.Nd2 a5 11.Ng3 Bg6 12.h4 Nb6 13.h5 Bf5 14.Nxf5 exf5 15.Qf3 Qxd4 16.Qxf5
Ra7 17.Bb3 g6 18.Qe4 Bc5 19.Qxd4 Bxd4 20.hxg6 fxg6 21.Nf3 Bc5 22.Bg5 Be7
23.Be3 c5 24.Nd2 Nc6 25.f4 Rd7 26.Be6 Rd8 27.Nc4 Nd5 28.Bxd5 Rxd5 29.Kf2 O-O
30.Rad1 Nd4 31.g3 Rfd8 32.Nb6 h5 33.Nxd5 Rxd5 34.Bxd4 cxd4 35.Kf3 Bc5 36.Ke4
Rd8 37.Rc1 Ba7 38.Rc6 d3 39.Rxg6+ {#r} 1-0